Kraje a okresy Slovenska - Statistics

General Stats
  • This quiz has been taken 221 times
  • The average score is 51 of 87
Answer Stats
Answer % Correct
Bratislava I
96%
Bratislava II
96%
Bratislava III
96%
Bratislava IV
96%
Bratislava V
96%
Prešov
95%
{Bratislavský} kraj
89%
{Košický} kraj
88%
Banská Bystrica
87%
Košice I
87%
Košice II
87%
Košice III
87%
Košice IV
87%
Trenčín
86%
{Prešovský} kraj
85%
Žilina
85%
Nitra
84%
{Banskobystrický} kraj
82%
{Žilinský} kraj
82%
Trnava
79%
Poprad
77%
{Trenčiansky} kraj
77%
{Trnavský} kraj
77%
Liptovský Mikuláš
74%
Martin
73%
Malacky
67%
Komárno
66%
Čadca
65%
Michalovce
64%
{Nitriansky} kraj
64%
Nové Zámky
64%
Senec
64%
Humenné
63%
Dunajská Streda
60%
Nové Mesto nad Váhom
60%
Pezinok
60%
Piešťany
60%
Zvolen
60%
Banská Štiavnica
58%
Bytča
58%
Levice
58%
Prievidza
58%
Ružomberok
58%
Považská Bystrica
57%
Senica
57%
Spišská Nová Ves
57%
Bardejov
55%
Galanta
55%
Levoča
53%
Skalica
53%
Púchov
52%
Dolný Kubín
51%
Topoľčany
51%
Ilava
50%
Rimavská Sobota
50%
Sabinov
50%
Snina
49%
Lučenec
47%
Kežmarok
46%
Myjava
46%
Partizánske
46%
Hlohovec
45%
Kysucké Nové Mesto
45%
Brezno
43%
Námestovo
42%
Rožňava
42%
Stará Ľubovňa
42%
Vranov nad Topľou
42%
Bánovce nad Bebravou
41%
Svidník
40%
Trebišov
40%
Žiar nad Hronom
40%
Detva
39%
Šaľa
39%
Zlaté Moravce
37%
Medzilaborce
36%
Sobrance
33%
Gelnica
32%
Turčianske Teplice
31%
Tvrdošín
31%
Veľký Krtíš
31%
Revúca
30%
Poltár
29%
Stropkov
27%
Žarnovica
25%
Košice-okolie
23%
Krupina
19%
No matching quizzes found
Score Distribution
Percent of People with Each Score
Percentile by Number Answered
Your Score History
You have not taken this quiz